000 01038nam a2200121Ia 4500
008 220615s9999||||xx |||||||||||||| ||und||
100 _aKernbauer, Eva
245 0 _aArt, History, and Anachronic Intervenctions Since 1990
546 _aEnglish[eng]
650 _aGegenwartskunst, Geschichte, Anachronie, Historiographie, Kunsttheorie||ÖFOS 2012, Kunstgeschichte||ÖFOS 2012, Kunsttheorie||ÖFOS 2012, Geschichtswissenschaft||ÖFOS 2012, Medienkunst||Contemporary Art, History, Anachrony, Historiography, Art Theory||ÖFOS 2012, Art history||ÖFOS 2012, Art theory||ÖFOS 2012, Science of history||ÖFOS 2012, Media arts
856 _uhttps://library.oapen.org/bitstream/20.500.12657/51261/1/PUB_787_Kernbauer_Art_History_and_Anachronic_Intervenctions.pdf||https://library.oapen.org/bitstream/20.500.12657/51261/1/PUB_787_Kernbauer_Art_History_and_Anachronic_Intervenctions.pdf||https://library.oapen.org/bitstream/20.500.12657/51261/1/PUB_787_Kernbauer_Art_History_and_Anachronic_Intervenctions.pdf
942 _cEB
999 _c19231
_d19231